| 000 | 00000nam##2200000za#4500 |
| 001 | 9.663600 |
| 003 | CaOODSP |
| 005 | 20210615121126 |
| 007 | ta |
| 008 | 150407|2002||||xxc||||| f|0| 0 fre|d |
| 020 | |a0-662-66435-3 |
| 040 | |aCaOODSP|bfre |
| 041 | |aeng |
| 041 | |afre |
| 043 | |an-cn--- |
| 086 | 1 |aSC94-92/2002 |
| 110 | 1 |aCanada.|bCentre canadien de gestion. |
| 245 | 10|aLes services internes : |bpour assurer la réalisation des grandes orientations de l'État dans le respect des valeurs du service public |
| 260 | |aOttawa - Ontario : |bCentre canadien de gestion |c2002. |
| 300 | |aviii, 44p. : |c28 cm. |
| 504 | |aBibliographie. |
| 563 | |aCouverture souple |
| 590 | |a02-31|b2002-08-02 |
| 691 | 07|aAdministration publique|2gcpds |
| 691 | 07|aÉthique|2gcpds |
| 691 | 07|aFonction publique|2gcpds |
| 776 | 0#|tLes services internes : |w(CaOODSP)9.630758 |
| 776 | 0#|tInternal services : |w(CaOODSP)9.686281 |
| 791 | |tInternal services : |eeng|w(CaOODSP)9.663599 |